African journal of bioscience (Record no. 38041)

MARC details
000 -LEADER
fixed length control field 00472nam a2200169Ia 4500
022 ## - INTERNATIONAL STANDARD SERIAL NUMBER
ISSN 21410100
050 ## - CALL MARK
Classification number QH 301 .A37/
245 #0 - TITLE STATEMENT
Title African journal of bioscience
260 ## - PUBLICATION, DISTRIBUTION, ETC. (IMPRINT)
Place of publication Enugu State
260 ## - PUBLICATION, DISTRIBUTION, ETC. (IMPRINT)
Name of publisher Devon Science Publication
260 ## - PUBLICATION, DISTRIBUTION, ETC. (IMPRINT)
Year of publication 2013
300 ## - PHYSICAL DESCRIPTION
Number of Pages iii, 134 p. :ill. ;29 cm.
650 ## - SUBJECT ADDED ENTRY--TOPICAL TERM
Topical Term Life sciences--Periodicals. Life sciences--Nigeria--Periodicals.
942 ## - ADDED ENTRY ELEMENTS (KOHA)
Koha item type Serials

No items available.